A TEXT BOOK OF PHARMACEUTICAL PROCESS CHEMISTRY (Record no. 27082)

MARC details
000 -LEADER
fixed length control field 00419nam a22001697a 4500
003 - CONTROL NUMBER IDENTIFIER
control field SGT
020 ## - INTERNATIONAL STANDARD BOOK NUMBER
International Standard Book Number 9354518885
082 ## - DEWEY DECIMAL CLASSIFICATION NUMBER
Classification number 615.19
Item number P23T
100 ## - MAIN ENTRY--PERSONAL NAME
Personal name TIWARI, ABHISHEK
245 ## - TITLE STATEMENT
Title A TEXT BOOK OF PHARMACEUTICAL PROCESS CHEMISTRY
250 ## - EDITION STATEMENT
Edition statement 1ST
260 ## - PUBLICATION, DISTRIBUTION, ETC. (IMPRINT)
Place of publication, distribution, etc PUNE
Name of publisher, distributor, etc NIRALI PRAKASHAN
Year of Publication 2023
300 ## - PAGE DESCRIPTION
No. of Pages 5.47
650 ## - SUBJECT ADDED ENTRY--TOPICAL TERM
Topical term or geographic name as entry element PROCESS CHEMISTRY
653 ## - KEYWORDS--INDEX TERM
Keyword term PHARMACEUTICAL, PROCESS, CHEMISTRY
942 ## - ADDED ENTRY ELEMENTS (KOHA)
Source of classification or shelving scheme Dewey Decimal Classification
Koha item type Books
Holdings
Withdrawn status Lost status Source of classification or shelving scheme Damaged status Not for loan Collection code Home library Current library Shelving location Date acquired Vendor Name Cost, normal purchase price SGTU Bill Number Total Checkouts Full call number Accession No. (Barcode) Date last seen Date last borrowed Bill Date Koha item type Checked out Use restrictions
    Dewey Decimal Classification     PHARMACY SGT FA-FP Library SGT FA-FP Library Text Book 01/10/2024 AHUJA PUB. 365.00 SGTU 19431 1 615.19 P23T FP5171 04/05/2026 21/04/2026 24/08/2024 Books    
    Dewey Decimal Classification     PHARMACY SGT FA-FP Library SGT FA-FP Library Text Book 01/10/2024 AHUJA PUB. 365.00 SGTU 19431 3 615.19 P23T FP5172 01/06/2026 01/06/2026 24/08/2024 Books 15/06/2026  
    Dewey Decimal Classification     PHARMACY SGT FA-FP Library SGT FA-FP Library Text Book 01/10/2024 AHUJA PUB. 365.00 SGTU 19431 1 615.19 P23T FP5173 06/05/2026 23/04/2026 24/08/2024 Books    
    Dewey Decimal Classification     PHARMACY SGT FA-FP Library SGT FA-FP Library Text Book 01/10/2024 AHUJA PUB. 365.00 SGTU 19431 2 615.19 P23T FP5174 07/05/2026 30/04/2026 24/08/2024 Books    
    Dewey Decimal Classification     PHARMACY SGT FA-FP Library SGT FA-FP Library Reference Book 01/10/2024 AHUJA PUB. 365.00 SGTU 19431   615.19 P23T FP5175 01/10/2024   24/08/2024 Books   Restricted Access